Nočná práca

Regulácia dĺžky a organizácie pracovného času všeobecne záväznými právnymi predpismi a kogentnosť časti ich ustanovení patrí k základným charakteristikám úpravy pracovného času nášho právneho poriadku, pretože pracovný čas je dôležitou ako ekonomickou, tak aj sociálnou kategóriou.

Enregistré dans:
Détails bibliographiques
Auteur principal: Mrukviová Tomiová, Sandra
Format: Chapitre de livre
Langue:slovaque
Sujets:
Tags: Ajouter un tag
Pas de tags, Soyez le premier à ajouter un tag!

MARC

LEADER 00000naa a2200000 4500
001 0308360
005 20250430092703.8
041 0 |a slo 
044 |a SK 
245 1 0 |a Nočná práca  |c Sandra Mrukviová Tomiová 
520 |a Regulácia dĺžky a organizácie pracovného času všeobecne záväznými právnymi predpismi a kogentnosť časti ich ustanovení patrí k základným charakteristikám úpravy pracovného času nášho právneho poriadku, pretože pracovný čas je dôležitou ako ekonomickou, tak aj sociálnou kategóriou. 
610 2 0 |a čas pracovný 
610 2 0 |a práca nočná 
610 2 0 |a právo pracovné 
610 2 0 |a zamestnanci 
610 2 0 |a zamestnávatelia 
610 2 0 |a legislatíva 
100 1 |a Mrukviová Tomiová, Sandra